00344pab a2200133 454500008004000000100001800040245006900058260000900127300001300136362000800149650001200157650001200169773002900181180718b2005 xxu||||| |||| 00| 0 eng d aNayar, P.K.B. aMedicalisation of old age: a matter of concern for older persons c2005 ap.13-20. aMay aOld age aElderly aResearch and Development